| 000 | 01025nac a22003015a 4500 | ||
|---|---|---|---|
| 005 | 20150813143105.0 | ||
| 008 | 150812t2004 njua|||frb||| 001 0 eng d | ||
| 010 | _a2003062331 | ||
| 020 | _a0130461822 | ||
| 020 | _a9780130461827 | ||
| 040 |
_aEG-ScBUE _beng _cEG-ScBUE |
||
| 082 | 0 | 4 |
_a332.0151 _bGUT _222 |
| 100 | 1 | _aGuthrie, Gary L. | |
| 245 | 1 | 0 |
_aMathematics of interest rates and finance / _cGary L. Guthrie, Larry D. Lemon. |
| 260 |
_aUpper Saddle River, New Jersey : _bPearson Prentice Hall, _cc.2004. |
||
| 300 |
_ax, 467 p. : _bill. ; _c24 cm. |
||
| 500 | _aIndex : p. 463-467. | ||
| 500 | _aGlossary : p. 333-340. | ||
| 504 | _aBibliography : p. 315-316. | ||
| 590 | _aMenna Elemam | ||
| 650 | 0 |
_aInterest rates-- _xMathematical models. _2BUEsh |
|
| 650 | 0 |
_aFinance-- _xMathematical models. _2BUEsh |
|
| 650 | 0 |
_aInvestments-- _xMathematical models. _2BUEsh _936475 |
|
| 651 | _2BUEsh | ||
| 653 | _cAugust2015 | ||
| 700 | 1 |
_aLemon, Larry D., _eauthor. |
|
| 942 |
_cBB _k332.0151 GUT _2ddc |
||
| 999 |
_c9000 _d1264 |
||